Waste, fraud, abuse, and mismanagement : hearings before the Task Force on Housing and Infrastructure of the Committee on the Budget, House of Representatives, One Hundred Sixth Congress, second session, hearings held in Washington, DC, April 13, May 25, June 9, and July 25, 2000.

Bibliographic Details
Corporate Authors: United States. Congress. House. Committee on the Budget. Task Force on Housing and Infrastructure, ProQuest (Firm)
Format: Government Document eBook
Language:English
Published: Washington : U.S. G.P.O. : 2000.
Series:U.S. Congressional Hearings.
Subjects:
Online Access:Connect to the full text of this electronic book

MARC

Tag First Indicator Second Indicator Subfields
LEADER 00000cam a22000001a 4500
001 in00003249421
006 m d f
007 cr bn mmmapmmp
008 090922s2000 dcua ob f000 0 eng d
005 20260504205616.7
035 |a cis2007470970 
040 |a UMI  |c UMI  |d UtOrBLW 
043 |a n-us--- 
074 |a 1035-B-01 
074 |a 1035-B-01 (online) 
074 |a 1035-B-02 (MF) 
074 |a 1035-B-02 (online) 
086 0 |a Y 4.B 85/3:106-10-1 
088 |a Serial no. 10-1 (United States. Congress. House. Committee on the Budget) 
099 |a HRG-2000-BGH-0009 
110 1 |a United States.  |b Congress.  |b House.  |b Committee on the Budget.  |b Task Force on Housing and Infrastructure. 
245 1 0 |a Waste, fraud, abuse, and mismanagement :  |b hearings before the Task Force on Housing and Infrastructure of the Committee on the Budget, House of Representatives, One Hundred Sixth Congress, second session, hearings held in Washington, DC, April 13, May 25, June 9, and July 25, 2000. 
264 1 |a Washington :  |b U.S. G.P.O. :  |c 2000. 
264 2 |a Washington :  |b [Congressional Sales Office, Supt. of Docs., U.S. G.P.O., distributor], 
300 |a 1 online resource. 
336 |a text  |b txt  |2 rdacontent 
337 |a computer  |b c  |2 rdamedia 
338 |a online resource  |b cr  |2 rdacarrier 
500 |a Record is based on bibliographic data in ProQuest Congressional Hearings Digital Collection. Reuse except for individual research requires license from ProQuest, LLC. 
504 |a Includes bibliographical references. 
530 |a Also available via Internet from the G.P.O. Access web site. Addresses as of 12/01/00: http://frwebgate.access.gpo.gov/cgi-bin/getdoc.cgi?dbname=106_ho- use_hearings&do cid=f:63822.wais (text version), http://frwebgate.access.gpo.gov/cgi-bin/getdoc.cgi?dbname=106_ho- use_hearings&do cid=f:63822.pdf (PDF version); current access is available via PURLs. 
538 |a System requirements: PDF reader software. 
500 |a Electronic resource. 
610 1 0 |a United States.  |b National Transportation Safety Board  |x Management. 
610 1 0 |a United States.  |b Department of Housing and Urban Development  |x Management. 
650 0 |a Waste in government spending  |z United States. 
655 7 |a Electronic books.  |2 local 
710 2 |a ProQuest (Firm) 
776 0 8 |i Print version:  |a United States. Congress. House. Committee on the Budget. Task Force on Housing and Infrastructure.  |t Waste, fraud, abuse, and mismanagement  |w (DLC)2001315309  |w (OCoLC)ocm45456539  |w (GPO)apn2001-001536 
776 0 8 |i Microfiche version:  |a United States. Congress. House. Committee on the Budget. Task Force on Housing and Infrastructure.  |t Waste, fraud, abuse, and mismanagement.  |d [Bethesda, Md.] : ProQuest,[2004]  |o CIS 00 H261-6  |w (ProQuest)cis00000202 
830 0 |a U.S. Congressional Hearings. 
856 4 0 |u http://proxy.library.tamu.edu/login?url=https://congressional.proquest.com/congcomp/getdoc?HEARING-ID=HRG-2000-BGH-0009  |z Connect to the full text of this electronic book  |t 0 
998 |a cis00000202 
999 |a MARS 
999 f f |s 67d92733-8dc9-3ec2-98d6-adafbf2b9d7b  |i 52a0f242-148d-3ae5-af7c-ec72ee2b5efb  |t 0 
952 f f |a Texas A&M University  |b College Station  |c Electronic Resources  |s www_evans  |d Available Online  |t 0  |e HRG-2000-BGH-0009  |h Other scheme 
998 f f |a HRG-2000-BGH-0009  |t 0  |l Available Online